Cuestión Chileno-Arjentina: El libro del Doctor Magnasco. Artículos publicados en El Heraldo

Guardat en:
Dades bibliogràfiques
Autor principal: Valdés Vergara, Francisco (Autor)
Format: Llibre
Idioma:espanyol
Publicat: Valparaíso Imprenta y Litografía Central, de Antonio J. Escobar y Ca. 1895
Edició:1a. ed
Matèries:
Etiquetes: Afegir etiqueta
Sense etiquetes, Sigues el primer a etiquetar aquest registre!

MARC

LEADER 00000nam a2200000 a 4500
001 UCJ5229
003 CL-VaPUC
008 070124e18950000CL |||||||||||||||||spa|d
082 0 4 |a 983  |b VAL  |2 21 
100 0 |a Valdés Vergara, Francisco  |e author  |9 507036 
245 1 0 |a Cuestión Chileno-Arjentina: El libro del Doctor Magnasco. Artículos publicados en El Heraldo 
250 |a 1a. ed 
300 |a 38 p 
942 |c BK 
945 |d 20070124 00:00:00  |a rinostro 
260 |a Valparaíso  |b Imprenta y Litografía Central, de Antonio J. Escobar y Ca.  |c 1895 
600 0 7 |a MAGNASCO, O.  |2 CL-VaPUC  |9 510151 
650 0 |a Límites con Argentina  |9 504170 
650 7 |a LIMITES CON BOLIVIA  |2 CL-VaPUC  |9 504189 
650 0 |a Prensa y periodismo   |z Chile  |9 504409 
650 0 |a Historia de Chile  |9 265473 
651 0 |a Argentina  |9 254888 
651 0 |a Bolivia  |9 255454 
651 7 |a CHILE  |2 CL-VaPUC  |9 510152 
651 7 |a PUNA DE ATACAMA  |2 CL-VaPUC  |9 504264 
583 |a last modification  |c 20070124 00:00:00  |k Rodrigo Vera 
999 |c 321342  |d 321340 
952 |0 0  |1 0  |4 0  |6 983_000000000000000_VAL_1895  |7 0  |8 X  |9 400057  |a FDOBUD  |b FDOBUD  |d 2019-11-22  |i 1031597  |o 983 VAL 1895  |p 1031597  |r 2019-11-22  |w 2019-11-22  |y BK_X  |k BUD